| 000 | 00481nam a22001817a 4500 | ||
|---|---|---|---|
| 003 | OSt | ||
| 005 | 20180116183049.0 | ||
| 008 | 160727b xxu||||| |||| 00| 0 eng d | ||
| 020 | _a9780335215034 | ||
| 040 | _c0 | ||
| 082 | _a378.170281 WAT 2005 | ||
| 100 | _aDavid Watson | ||
| 245 |
_aManaging Institutional Self-Study _cDavid Watson |
||
| 260 |
_aUk _bOpen University Press _c2005 |
||
| 300 |
_a189 p. _bHB |
||
| 440 | _aManaging Institutional Self-Study | ||
| 942 |
_2ddc _cBK |
||
| 999 |
_c351557 _d351557 |
||